[Event "Eger Agria op"]
[Site "Eger"]
[Date "2005.07.31"]
[Round "8"]
[White "Drexler, Mihaly"]
[Black "Horvath, Ivan"]
[Result "1/2-1/2"]
[WhiteElo "1939"]
[BlackElo "2065"]
[PlyCount "97"]
[EventDate "2005.07.18"]
[EventType "swiss"]
[EventRounds "9"]
[EventCountry "HUN"]
[SourceTitle "EXT 2008"]
[Source "ChessBase"]
[SourceDate "2007.11.25"]
[SourceVersion "1"]
[SourceVersionDate "2007.11.25"]
[SourceQuality "1"]

1. e4 c5 2. Nf3 d6 3. d4 cxd4 4. Nxd4 Nf6 5. Nc3 a6 6. Be2 e5 7. Nb3 Nbd7 8. 0-0 b5 9. a3 Bb7 10. f3 Rc8 11. Be3 Be7 12. Qd2 Nb6 13. Rad1 d5 14. exd5 Nbxd5 15. Nxd5 Nxd5 16. Qc1 Qc7 17. Bd3 0-0 18. Kh1 Nxe3 19. Qxe3 Bf6 20. Nd2 g6 21. Ne4 Bg7 22. Qg5 f6 23. Qg3 Rcd8 24. h4 Qe7 25. Rde1 Bh6 26. Nf2 Qc7 27. h5 Bf4 28. Qh4 Kg7 29. Ng4 Bg5 30. h6+ Kh8 31. Qg3 Bf4 32. Qh4 Bg5 33. Qg3 Rd4 34. Be4 Bf4 35. Qh4 g5 36. Qf2 Bc8 37. Ne3 f5 38. Bd5 Bxe3 39. Qxe3 Rxd5 40. Qxg5 Qf7 41. Rd1 Be6 42. Rxd5 Bxd5 43. Rd1 Rg8 44. Qh4 Rf8 45. Qg5 Ba8 46. Rd6 e4 47. Qf4 exf3 48. Qe5+ Kg8 49. Qg3+ 1/2-1/2

[Event "Eger Agria op"]
[Site "Eger"]
[Date "2005.07.27"]
[Round "4"]
[White "Frink, Ferenc"]
[Black "Horvath, Ivan"]
[Result "1-0"]
[WhiteElo "2212"]
[BlackElo "2065"]
[PlyCount "51"]
[EventDate "2005.07.18"]
[EventType "swiss"]
[EventRounds "9"]
[EventCountry "HUN"]
[SourceTitle "EXT 2008"]
[Source "ChessBase"]
[SourceDate "2007.11.25"]
[SourceVersion "1"]
[SourceVersionDate "2007.11.25"]
[SourceQuality "1"]

1. e4 c5 2. b4 cxb4 3. a3 d5 4. e5 e6 5. axb4 Bxb4 6. c3 Be7 7. d4 Nc6 8. Bd3 Bd7 9. Ne2 Rc8 10. 0-0 a6 11. h3 Na5 12. f4 g6 13. g4 Nc4 14. f5 Bg5 15. f6 Bxc1 16. Qxc1 Qb6 17. Bxc4 Rxc4 18. Nd2 Ra4 19. Rxa4 Bxa4 20. Qa3 Bb5 21. Rb1 Qc7 22. Nf4 Nh6 23. Nf3 Ng8 24. Ng5 Bd7 25. Kg2 h6 26. Nxg6 1-0

[Event "HUN-chT2 Erkel 0405"]
[Site "Hungary"]
[Date "2004.11.21"]
[Round "3"]
[White "Horvath, Ivan"]
[Black "Halasz, Ferenc"]
[Result "0-1"]
[WhiteElo "2055"]
[BlackElo "2122"]
[PlyCount "70"]
[EventDate "2004.09.26"]
[EventType "team"]
[EventRounds "11"]
[EventCountry "HUN"]
[SourceTitle "EXT 2009"]
[Source "ChessBase"]
[SourceDate "2008.11.26"]
[SourceVersion "1"]
[SourceVersionDate "2008.11.26"]
[SourceQuality "1"]
[WhiteTeam "Fuzesabony"]
[BlackTeam "Metroepszolg"]
[WhiteTeamCountry "HUN"]
[BlackTeamCountry "HUN"]

1. d4 d5 2. c4 e6 3. Nc3 c6 4. e3 Nf6 5. Nf3 Be7 6. Bd3 dxc4 7. Bxc4 b5 8. Bd3 Nbd7 9. 0-0 0-0 10. e4 b4 11. Ne2 c5 12. e5 Nd5 13. Bd2 Bb7 14. Rc1 Rc8 15. Bb1 c4 16. Qc2 g6 17. Bh6 Re8 18. Ng3 N7b6 19. Ne4 Qd7 20. Bg5 Kg7 21. Bxe7 Rxe7 22. Nd6 Rc7 23. Nxb7 Rxb7 24. Ng5 Rc7 25. Ne4 Qa4 26. Nc5 Qxc2 27. Rxc2 a5 28. g3 c3 29. b3 Ra7 30. Re2 a4 31. Be4 axb3 32. axb3 Ra3 33. Kg2 Rea7 34. Bxd5 Nxd5 35. Rfe1 Ra1 0-1

[Event "Fuzesabony op"]
[Site "Fuzesabony"]
[Date "2004.08.29"]
[Round "7"]
[White "Horvath, Ivan"]
[Black "Toth, Daniel"]
[Result "0-1"]
[WhiteElo "2055"]
[BlackElo "2068"]
[PlyCount "111"]
[EventDate "2004.08.26"]
[EventType "swiss"]
[EventRounds "7"]
[EventCountry "HUN"]
[SourceTitle "EXT 2008"]
[Source "ChessBase"]
[SourceDate "2007.11.25"]
[SourceVersion "1"]
[SourceVersionDate "2007.11.25"]
[SourceQuality "1"]

1. d4 Nf6 2. c4 g6 3. Nf3 Bg7 4. e3 0-0 5. Nc3 d5 6. cxd5 Nxd5 7. Bc4 Nxc3 8. bxc3 c5 9. 0-0 Qc7 10. Qe2 Bg4 11. Ba3 Nd7 12. Rac1 Qa5 13. Qb2 Rac8 14. Nd2 e5 15. h3 exd4 16. cxd4 Bf5 17. Bb5 Qb6 18. Nc4 Qc7 19. Bxd7 Qxd7 20. Ne5 Bxe5 21. dxe5 b6 22. Qc3 Rfd8 23. Bb2 Be6 24. a3 Qd2 25. Rc2 Qxc3 26. Bxc3 Rd3 27. Re1 Rcd8 28. f4 Bb3 29. Rcc1 a5 30. Kf2 Ra8 31. Re2 Kf8 32. Rb2 a4 33. Rd2 Rxd2+ 34. Bxd2 Ke7 35. e4 Kd7 36. Ke3 Kc6 37. g4 b5 38. Bb4 Bc4 39. Bc3 Rd8 40. Kf2 Rd3 41. h4 Rh3 42. f5 Rh2+ 43. Kg3 Ra2 44. Kf4 Rxa3 45. e6 fxe6 46. fxg6 hxg6 47. h5 gxh5 48. gxh5 Ra2 49. Rh1 Rf2+ 50. Ke5 Rf7 51. h6 Rh7 52. Kf6 Bd3 53. Rh4 Bxe4 54. Rxe4 Rxh6+ 55. Ke5 b4 56. Kf4 0-1

[Event "Fuzesabony op"]
[Site "Fuzesabony"]
[Date "2004.08.28"]
[Round "5"]
[White "Horvath, Ivan"]
[Black "Malik, Andras"]
[Result "1-0"]
[WhiteElo "2055"]
[BlackElo "2055"]
[PlyCount "65"]
[EventDate "2004.08.26"]
[EventType "swiss"]
[EventRounds "7"]
[EventCountry "HUN"]
[SourceTitle "EXT 2008"]
[Source "ChessBase"]
[SourceDate "2007.11.25"]
[SourceVersion "1"]
[SourceVersionDate "2007.11.25"]
[SourceQuality "1"]

1. d4 Nf6 2. c4 e6 3. Nc3 d5 4. Bg5 Be7 5. e3 Nc6 6. Nf3 0-0 7. Rc1 h6 8. Bh4 a6 9. Bd3 dxc4 10. Bxc4 Nd5 11. Bxe7 Ncxe7 12. 0-0 b5 13. Bd3 Bd7 14. Bb1 Nc6 15. Ne4 Qe7 16. Nc5 Bc8 17. Nxe6 Qxe6 18. Qc2 Nf6 19. Qxc6 Qd5 20. Qxd5 Nxd5 21. e4 Nb6 22. Rxc7 Bg4 23. Ne5 Bh5 24. f3 f6 25. Nd3 Rfd8 26. Nf4 Bf7 27. d5 Nc4 28. b3 Ne5 29. Rfc1 Rd7 30. Rxd7 Nxd7 31. Rc7 Ne5 32. Nd3 Nxd3 33. Bxd3 1-0

[Event "Fuzesabony op"]
[Site "Fuzesabony"]
[Date "2004.08.27"]
[Round "3"]
[White "Horvath, Ivan"]
[Black "Eberth, Zoltan"]
[Result "1/2-1/2"]
[WhiteElo "2055"]
[BlackElo "2162"]
[PlyCount "20"]
[EventDate "2004.08.26"]
[EventType "swiss"]
[EventRounds "7"]
[EventCountry "HUN"]
[SourceTitle "EXT 2008"]
[Source "ChessBase"]
[SourceDate "2007.11.25"]
[SourceVersion "1"]
[SourceVersionDate "2007.11.25"]
[SourceQuality "1"]

1. d4 Nf6 2. c4 c5 3. d5 b5 4. cxb5 a6 5. bxa6 g6 6. Nc3 Bg7 7. Nf3 0-0 8. g3 d6 9. e4 Nbd7 10. Bd3 Bxa6 1/2-1/2

[Event "Gyongyos Matra Cup"]
[Site "Gyongyos"]
[Date "2004.08.04"]
[Round "8"]
[White "Bakos, Balazs"]
[Black "Horvath, Ivan"]
[Result "1-0"]
[WhiteElo "2246"]
[BlackElo "2055"]
[PlyCount "91"]
[EventDate "2004.07.27"]
[EventType "swiss"]
[EventRounds "9"]
[EventCountry "HUN"]
[SourceTitle "EXT 2008"]
[Source "ChessBase"]
[SourceDate "2007.11.25"]
[SourceVersion "1"]
[SourceVersionDate "2007.11.25"]
[SourceQuality "1"]

1. d4 Nf6 2. c4 d6 3. Nf3 Bg4 4. Nbd2 Nbd7 5. g3 c6 6. Bg2 e5 7. 0-0 Be7 8. b3 0-0 9. Bb2 Qc7 10. Rc1 Rfe8 11. h3 Bh5 12. g4 Bg6 13. Nh4 Bf8 14. Nxg6 hxg6 15. g5 Nh5 16. e3 f6 17. Bf3 fxg5 18. Bxh5 gxh5 19. Qxh5 Be7 20. Nf3 exd4 21. Bxd4 Ne5 22. Bxe5 dxe5 23. Rcd1 Bf6 24. e4 Qe7 25. Nh2 Red8 26. Qg6 Rxd1 27. Rxd1 Rd8 28. Rxd8+ Qxd8 29. Ng4 Kf8 30. Kg2 Qe7 31. Qf5 Kf7 32. Qc8 Kg6 33. Ne3 a5 34. Nf5 Qb4 35. Qd7 a4 36. Nd6 Kh7 37. bxa4 Qxa4 38. Qxb7 g4 39. hxg4 Qd1 40. Qd7 c5 41. Qf5+ Kg8 42. Ne8 Qd8 43. Qe6+ Kf8 44. Nd6 Qe7 45. Qc8+ Qd8 46. Qxc5 1-0

[Event "Gyongyos Matra Cup"]
[Site "Gyongyos"]
[Date "2004.07.30"]
[Round "4"]
[White "Prokopisin, Vasily"]
[Black "Horvath, Ivan"]
[Result "1-0"]
[WhiteElo "2361"]
[BlackElo "2055"]
[PlyCount "97"]
[EventDate "2004.07.27"]
[EventType "swiss"]
[EventRounds "9"]
[EventCountry "HUN"]
[SourceTitle "EXT 2008"]
[Source "ChessBase"]
[SourceDate "2007.11.25"]
[SourceVersion "1"]
[SourceVersionDate "2007.11.25"]
[SourceQuality "1"]

1. Nf3 f5 2. d4 Nf6 3. g3 e6 4. Bg2 Be7 5. c4 0-0 6. 0-0 c6 7. b3 d5 8. Nbd2 Ne4 9. e3 Nd7 10. Bb2 Qe8 11. Rc1 Qh5 12. Ne5 Qxd1 13. Rfxd1 Nxe5 14. dxe5 Nxd2 15. Rxd2 Rd8 16. cxd5 exd5 17. Bd4 Be6 18. Bc5 Kf8 19. f4 Rd7 20. Rd4 Ke8 21. Bxe7 Rxe7 22. Bf1 Rd8 23. b4 a6 24. Kf2 Kd7 25. Rd2 Kc7 26. a4 Kb6 27. Rc5 Red7 28. Bd3 g6 29. Ke2 Rc7 30. Bc2 Ka7 31. a5 Rcd7 32. Bb3 Rg8 33. Kd3 Rgg7 34. Kd4 Rde7 35. Rc1 Rd7 36. Kc5 Rge7 37. Bc2 Rg7 38. Rf1 h5 39. Rg1 Rg8 40. Bd1 Rgd8 41. Kd4 Kb8 42. h3 Kc7 43. g4 hxg4 44. hxg4 Rf8 45. gxf5 gxf5 46. Rh2 Rff7 47. Rh6 Rde7 48. Rgg6 Bc8 49. Bc2 1-0

[Event "HUN-chT2 Erkel 0304"]
[Site "Hungary"]
[Date "2003.12.07"]
[Round "5"]
[White "Kovacs, Jozsef"]
[Black "Horvath, Ivan"]
[Result "1-0"]
[WhiteElo "2144"]
[BlackElo "2071"]
[PlyCount "41"]
[EventDate "2003.09.28"]
[EventType "team"]
[EventRounds "11"]
[EventCountry "HUN"]
[SourceTitle "EXT 2009"]
[Source "ChessBase"]
[SourceDate "2008.11.26"]
[SourceVersion "1"]
[SourceVersionDate "2008.11.26"]
[SourceQuality "1"]
[WhiteTeam "Garancia"]
[BlackTeam "Fuzesabony"]
[WhiteTeamCountry "HUN"]
[BlackTeamCountry "HUN"]

1. d4 f5 2. e4 fxe4 3. Nc3 Nf6 4. Bg5 g6 5. f3 exf3 6. Nxf3 d5 7. Bd3 Bg7 8. Qd2 c6 9. 0-0-0 0-0 10. Rde1 Re8 11. h4 Nh5 12. Bh6 Ng3 13. h5 Nxh1 14. Rxh1 Bf6 15. hxg6 e6 16. gxh7+ Kh8 17. Ne5 Bxe5 18. dxe5 Nd7 19. Qf4 Qe7 20. Rf1 Nc5 21. Bg6 1-0

[Event "HUN-chT2 Erkel 0304"]
[Site "Hungary"]
[Date "2003.09.28"]
[Round "1"]
[White "Horvath, Ivan"]
[Black "Nikoletti, Andras"]
[Result "0-1"]
[WhiteElo "2071"]
[BlackElo "2183"]
[PlyCount "94"]
[EventDate "2003.09.28"]
[EventType "team"]
[EventRounds "11"]
[EventCountry "HUN"]
[SourceTitle "EXT 2009"]
[Source "ChessBase"]
[SourceDate "2008.11.26"]
[SourceVersion "1"]
[SourceVersionDate "2008.11.26"]
[SourceQuality "1"]
[WhiteTeam "Fuzesabony"]
[BlackTeam "Lang"]
[WhiteTeamCountry "HUN"]
[BlackTeamCountry "HUN"]

1. d4 f5 2. Nf3 Nf6 3. g3 c6 4. Bg2 d6 5. 0-0 Qc7 6. c4 e5 7. Nc3 e4 8. Ne1 Be7 9. f3 exf3 10. exf3 0-0 11. b3 Be6 12. Bb2 Na6 13. Nd3 Qd7 14. Re1 Nc7 15. f4 Bf7 16. Qd2 Rae8 17. Nf2 Bd8 18. Nh3 d5 19. c5 Ne4 20. Qd3 Bf6 21. b4 Re7 22. Nf2 Rfe8 23. Bf3 Qc8 24. Re2 Nxc3 25. Rxe7 Rxe7 26. Bxc3 Qe8 27. Kg2 Re3 28. Qd2 Nb5 29. Bb2 g5 30. fxg5 Bxg5 31. Nd1 f4 32. a4 Rxf3 33. axb5 Rxg3+ 34. Kf1 Rf3+ 35. Kg1 Qe6 36. Nc3 Bh5 37. bxc6 bxc6 38. Rxa7 Re3 39. Ra1 f3 40. Qf2 Qg4+ 41. Kh1 Bh4 42. Ra8+ Kg7 43. Ra7+ Kg6 44. Qc2+ Kf6 45. Nxd5+ cxd5 46. Ra6+ Re6 47. b5 f2 0-1

[Event "Fuzesabony op"]
[Site "Fuzesabony"]
[Date "2003.08.10"]
[Round "5"]
[White "Horvath, Ivan"]
[Black "Zambo, Zoltan"]
[Result "1/2-1/2"]
[WhiteElo "2071"]
[BlackElo "2210"]
[PlyCount "24"]
[EventDate "2003.08.08"]
[EventType "swiss"]
[EventRounds "6"]
[EventCountry "HUN"]
[SourceTitle "EXT 2005"]
[Source "ChessBase"]
[SourceDate "2004.11.15"]
[SourceVersion "1"]
[SourceVersionDate "2004.11.15"]
[SourceQuality "1"]

1. d4 d5 2. c4 c6 3. Nf3 e6 4. e3 f5 5. Nbd2 Nf6 6. g3 Be7 7. Bg2 0-0 8. 0-0 Ne4 9. b3 Nd7 10. Bb2 b5 11. Qc2 Bb7 12. Rac1 Rc8 1/2-1/2

[Event "Gyongyos Matra Cup"]
[Site "Gyongyos"]
[Date "2003.07.28"]
[Round "6"]
[White "Horvath, Ivan"]
[Black "Repasi, Zoltan"]
[Result "0-1"]
[WhiteElo "2071"]
[BlackElo "2166"]
[PlyCount "50"]
[EventDate "2003.07.22"]
[EventType "swiss"]
[EventRounds "9"]
[EventCountry "HUN"]
[SourceTitle "EXT 2005"]
[Source "ChessBase"]
[SourceDate "2004.11.15"]
[SourceVersion "1"]
[SourceVersionDate "2004.11.15"]
[SourceQuality "1"]

1. d4 d5 2. c4 e6 3. Nc3 c6 4. e3 Nf6 5. Nf3 Nbd7 6. Bd3 Be7 7. 0-0 0-0 8. Qe2 Qc7 9. b3 dxc4 10. Bxc4 e5 11. dxe5 Nxe5 12. Nxe5 Qxe5 13. Bb2 Ng4 14. g3 Qh5 15. f4 Bc5 16. Nd1 Re8 17. Bc1 Bf5 18. b4 Bxb4 19. h4 b5 20. Bd3 Rad8 21. e4 Rxd3 22. Qxd3 Bxe4 23. Qd7 Nf6 24. Qc7 Qg4 25. f5 Nd5 0-1

[Event "Gyongyos Matra Cup"]
[Site "Gyongyos"]
[Date "2003.07.24"]
[Round "3"]
[White "Matin, Gabor"]
[Black "Horvath, Ivan"]
[Result "1/2-1/2"]
[WhiteElo "2100"]
[BlackElo "2071"]
[PlyCount "87"]
[EventDate "2003.07.22"]
[EventType "swiss"]
[EventRounds "9"]
[EventCountry "HUN"]
[SourceTitle "EXT 2005"]
[Source "ChessBase"]
[SourceDate "2004.11.15"]
[SourceVersion "1"]
[SourceVersionDate "2004.11.15"]
[SourceQuality "1"]

1. d4 f5 2. Nc3 d5 3. f3 Nf6 4. Bg5 e6 5. e4 Be7 6. e5 Nfd7 7. Bxe7 Qxe7 8. f4 0-0 9. Nf3 c5 10. Be2 Nc6 11. 0-0 a6 12. Kh1 cxd4 13. Nxd4 Nxd4 14. Qxd4 Qc5 15. Qd2 Nb6 16. Rad1 Bd7 17. Qd4 Rac8 18. Qxc5 Rxc5 19. Rd4 Rfc8 20. Bd3 Nc4 21. Nd1 R5c7 22. h3 Na5 23. Rb4 b5 24. g4 g6 25. a4 Nc6 26. Rb3 bxa4 27. Rb6 a5 28. Bb5 Kf7 29. Bxa4 Nxe5 30. fxe5 Bxa4 31. b3 Bc6 32. Kg1 a4 33. Ne3 axb3 34. cxb3 Bd7 35. gxf5 gxf5 36. Kf2 Rc1 37. Rb4 Rxf1+ 38. Kxf1 Rc7 39. Kf2 Kg6 40. Ng2 Kg5 41. h4+ Kg6 42. Nf4+ Kf7 43. Ke3 Bc8 44. Ne2 1/2-1/2

[Event "HUN-chT2 Erkel 0203"]
[Site "Hungary"]
[Date "2003.02.02"]
[Round "6"]
[White "Novak, Gyorgy"]
[Black "Horvath, Ivan"]
[Result "1/2-1/2"]
[WhiteElo "1916"]
[BlackElo "2057"]
[PlyCount "40"]
[EventDate "2002.09.22"]
[EventType "team"]
[EventRounds "11"]
[EventCountry "HUN"]
[SourceTitle "EXT 2009"]
[Source "ChessBase"]
[SourceDate "2008.11.26"]
[SourceVersion "1"]
[SourceVersionDate "2008.11.26"]
[SourceQuality "1"]

1. d4 f5 2. c4 e6 3. Nf3 Nf6 4. Nc3 c6 5. e3 d5 6. Be2 Bd6 7. c5 Bc7 8. a3 Nbd7 9. b4 a6 10. Ng5 Qe7 11. f4 0-0 12. 0-0 h6 13. Nf3 Ne4 14. Nxe4 fxe4 15. Ne5 Nxe5 16. fxe5 Bd7 17. Bg4 b6 18. cxb6 Bxb6 19. Bd2 Qg5 20. Qe2 Rxf1+ 1/2-1/2

[Event "HUN-chT2 Erkel 0203"]
[Site "Hungary"]
[Date "2002.12.08"]
[Round "4"]
[White "Kovacs, Peter"]
[Black "Horvath, Ivan"]
[Result "1/2-1/2"]
[WhiteElo "2064"]
[BlackElo "2057"]
[PlyCount "108"]
[EventDate "2002.09.22"]
[EventType "team"]
[EventRounds "11"]
[EventCountry "HUN"]
[SourceTitle "EXT 2009"]
[Source "ChessBase"]
[SourceDate "2008.11.26"]
[SourceVersion "1"]
[SourceVersionDate "2008.11.26"]
[SourceQuality "1"]

1. d4 f5 2. c4 e6 3. g3 Nf6 4. Bg2 Be7 5. Nf3 0-0 6. 0-0 c6 7. Nbd2 d6 8. Qc2 d5 9. e3 Qe8 10. a3 Nbd7 11. b4 a6 12. Rb1 Ne4 13. a4 Nxd2 14. Bxd2 Nb6 15. c5 Nc4 16. Rb3 Bf6 17. Bc3 e5 18. dxe5 Nxe5 19. Nd4 Ng4 20. Qd2 Qh5 21. h3 Ne5 22. Qe2 Qxe2 23. Nxe2 Bd7 24. Nd4 Nc4 25. Rd1 Rfe8 26. Bf1 Ne5 27. Kg2 Nf7 28. Bd3 g6 29. Rh1 Bg7 30. h4 Ne5 31. Be2 h5 32. Re1 Bf8 33. a5 Bg7 34. Rbb1 Re7 35. f4 Nf7 36. Bf3 Rae8 37. Kf2 Nh6 38. Rbc1 Kf7 39. Nb3 Ng4+ 40. Bxg4 fxg4 41. Bxg7 Kxg7 42. Rcd1 Bf5 43. Rd4 Bc2 44. Nd2 Kf6 45. Nf1 Kf5 46. Rd2 Ba4 47. Ra2 Bb5 48. Nd2 Bd3 49. Raa1 Rd8 50. Nb3 Re4 51. Nd4+ Kf6 52. Rac1 Rde8 53. Rc3 Bc4 54. Rcc1 R8e7 1/2-1/2

[Event "HUN-chT3 9899"]
[Site "Hungary"]
[Date "1999.10.17"]
[Round "3"]
[White "Isepy, Jozsef"]
[Black "Horvath, Ivan"]
[Result "1-0"]
[WhiteElo "2182"]
[BlackElo "2044"]
[PlyCount "85"]
[EventDate "1998.09.??"]
[EventType "team"]
[EventRounds "11"]
[EventCountry "HUN"]
[SourceTitle "EXT 2001"]
[Source "ChessBase"]
[SourceDate "2000.11.22"]
[SourceVersion "1"]
[SourceVersionDate "2000.11.22"]
[SourceQuality "1"]

1. e4 c5 2. Nf3 d6 3. d4 cxd4 4. Nxd4 Nf6 5. Nc3 a6 6. Bg5 e6 7. Qd2 Be7 8. 0-0-0 Qc7 9. f4 Nbd7 10. Be2 b5 11. a3 Bb7 12. Bf3 0-0 13. g4 Rac8 14. Bxf6 Nxf6 15. g5 Nd7 16. Rhe1 Nb6 17. Qg2 Nc4 18. Rd3 Rfe8 19. Qh3 d5 20. Qh4 g6 21. exd5 Nxb2 22. Kxb2 Bxa3+ 23. Kb1 exd5 24. Nxd5 Rxe1+ 25. Qxe1 Bxd5 26. Bxd5 Qxf4 27. Nc6 Bf8 28. Ne7+ Bxe7 29. Qxe7 Rc7 30. Qd8+ Kg7 31. Rf3 Qb4+ 32. Bb3 Qe1+ 33. Kb2 Qe5+ 34. Ka2 a5 35. Qf6+ Qxf6 36. gxf6+ Kh6 37. Kb2 Kg5 38. Bd5 h5 39. Kb3 h4 40. h3 a4+ 41. Kb4 Rxc2 42. Bxf7 Rc6 43. Be6 1-0

[Event "Godal Memorial"]
[Site "Hungary"]
[Date "1999.??.??"]
[Round "8"]
[White "Galgovics, Andras"]
[Black "Horvath, Ivan"]
[Result "1-0"]
[WhiteElo "2055"]
[BlackElo "2040"]
[PlyCount "63"]
[EventDate "1999.??.??"]
[EventType "swiss"]
[EventRounds "9"]
[EventCountry "HUN"]
[SourceTitle "EXT 2000"]
[Source "ChessBase"]
[SourceDate "1999.11.16"]
[SourceVersion "1"]
[SourceVersionDate "1999.11.16"]
[SourceQuality "1"]

1. d4 f5 2. c4 e6 3. Nc3 Nf6 4. Bg5 Be7 5. f4 0-0 6. Nf3 d6 7. e3 Nbd7 8. Be2 Qe8 9. 0-0 c6 10. b4 Ng4 11. Bxe7 Qxe7 12. Qd2 e5 13. h3 Ngf6 14. dxe5 dxe5 15. c5 a5 16. a3 Re8 17. Bc4+ Kh8 18. Ng5 g6 19. Nf7+ Kg7 20. Nd6 Rd8 21. Rad1 axb4 22. axb4 Rf8 23. Rf3 b6 24. cxb6 Nxb6 25. b5 Nxc4 26. Nxc4 exf4 27. bxc6 Qc5 28. Qd4 Qxc6 29. exf4 Be6 30. Ne5 Qa6 31. Qb4 Qa7+ 32. Kh2 1-0

[Event "Godal Memorial"]
[Site "Hungary"]
[Date "1999.??.??"]
[Round "3"]
[White "Horvath, Ivan"]
[Black "Antal, Attila"]
[Result "1-0"]
[WhiteElo "2040"]
[BlackElo "1885"]
[PlyCount "57"]
[EventDate "1999.??.??"]
[EventType "swiss"]
[EventRounds "9"]
[EventCountry "HUN"]
[SourceTitle "EXT 2000"]
[Source "ChessBase"]
[SourceDate "1999.11.16"]
[SourceVersion "1"]
[SourceVersionDate "1999.11.16"]
[SourceQuality "1"]

1. d4 d5 2. c4 dxc4 3. Nf3 Nf6 4. Nc3 e6 5. e3 a6 6. Bxc4 b5 7. Bb3 Bb4 8. 0-0 0-0 9. Qe2 Bb7 10. Rd1 Qe7 11. Bd2 c5 12. dxc5 Bxc5 13. Rac1 Rd8 14. h3 Nc6 15. a3 Na5 16. Ba2 Ba7 17. Nxb5 Rxd2 18. Qxd2 axb5 19. Qxa5 Bxe3 20. Qc7 Qxc7 21. Rxc7 Bxf3 22. gxf3 Bf4 23. Rb7 h6 24. Rxb5 Rc8 25. Bb3 Bc1 26. a4 Bxb2 27. Bxe6 Rc2 28. Rd8+ Kh7 29. Bf5+ 1-0

[Event "Gyongyos Matra Cup"]
[Site "Gyongyos"]
[Date "1998.??.??"]
[Round "5"]
[White "Balogh, Lajos"]
[Black "Horvath, Ivan"]
[Result "1-0"]
[WhiteElo "2125"]
[BlackElo "2050"]
[PlyCount "73"]
[EventDate "1998.??.??"]
[EventType "swiss"]
[EventRounds "9"]
[EventCountry "HUN"]
[SourceTitle "EXT 2000"]
[Source "ChessBase"]
[SourceDate "1999.11.16"]
[SourceVersion "1"]
[SourceVersionDate "1999.11.16"]
[SourceQuality "1"]

1. d4 Nf6 2. c4 c6 3. Nc3 d5 4. Bg5 Nbd7 5. e3 e6 6. Nf3 Be7 7. Qc2 a6 8. Bd3 h6 9. Bh4 0-0 10. a3 Re8 11. 0-0 dxc4 12. Bxc4 Qc7 13. Rac1 Bd6 14. Ne4 Nxe4 15. Qxe4 Nf8 16. Ne5 f6 17. Nf3 Qe7 18. b4 Qf7 19. Qc2 Kh8 20. Nd2 Qh5 21. Bg3 Bxg3 22. hxg3 e5 23. d5 Bd7 24. Ne4 Bf5 25. dxc6 bxc6 26. Be2 Qg6 27. Bf3 a5 28. Qc4 axb4 29. axb4 Rab8 30. Rfd1 Be6 31. Qc3 Bd5 32. Nd6 Bxf3 33. gxf3 Re6 34. Qxc6 Kh7 35. Qc7 Rxb4 36. Qd8 Rh4 37. Qxf8 1-0

[Event "Gyongyos op"]
[Site "Gyongyos"]
[Date "1998.??.??"]
[Round "?"]
[White "Olah, Sandor"]
[Black "Horvath, Ivan"]
[Result "1/2-1/2"]
[WhiteElo "2115"]
[BlackElo "2050"]
[PlyCount "76"]
[EventDate "1998.??.??"]
[EventType "swiss"]
[EventRounds "7"]
[EventCountry "HUN"]
[SourceTitle "EXT 2002"]
[Source "ChessBase"]
[SourceDate "2001.11.25"]
[SourceVersion "1"]
[SourceVersionDate "2001.11.25"]
[SourceQuality "1"]

1. e4 c5 2. Nf3 d6 3. d4 cxd4 4. Nxd4 Nf6 5. Nc3 a6 6. Bg5 e6 7. f4 Qb6 8. Nb3 Nbd7 9. Qf3 Be7 10. 0-0-0 Qc7 11. Bd3 b5 12. Rhe1 b4 13. Ne2 Bb7 14. Ned4 0-0 15. Qh3 h6 16. Bxh6 gxh6 17. Qxh6 Ng4 18. Qh3 Ngf6 19. e5 dxe5 20. fxe5 Nxe5 21. Qg3+ Nfg4 22. Kb1 Bd6 23. h3 Qe7 24. hxg4 Qg5 25. Rh1 Rfd8 26. Qh3 Kf8 27. Nf3 Qg7 28. Qh8+ Qxh8 29. Rxh8+ Ke7 30. Rxd8 Rxd8 31. Nxe5 Bxe5 32. Re1 Bg3 33. Re2 Rd6 34. a3 bxa3 35. bxa3 Bd5 36. Be4 Bc4 37. Rd2 Bxb3 38. Rxd6 Bxc2+ 1/2-1/2